| 000 | 00728nam a2200193 a 4500 | ||
|---|---|---|---|
| 001 | 000036480 | ||
| 005 | 20211129112640.0 | ||
| 008 | 120118s1972 mx 000 0 spa d | ||
| 040 |
_aDO-SdBNP _bspa _cBNPHU |
||
| 082 |
_axxxx _bM294 |
||
| 245 | 0 | 0 | _aManual nacional de ingeniería de suelos. |
| 260 |
_aMéxico : _bDiana, _c1972. |
||
| 300 |
_av ; _c24 cm. |
||
| 500 | _aManual nacional de ingeniería de suelos Secc.15: riego | ||
| 500 | _aLa biblioteca posee el volumen 3 | ||
| 710 | 2 |
_aServicio de Conservación de Suelos. Departamento de Agricultura de los Estados Unidos de América _962708 |
|
| 710 | 2 |
_aCentro Regional de Ayuda Técnica _949164 |
|
| 710 | 1 |
_a United States. _b Agency for International Development _958056 |
|
| 999 |
_c35971 _d35971 |
||